| 000 | 00936nmc a2200337 a 4500 | ||
|---|---|---|---|
| 003 | AR-BaBNM | ||
| 005 | 20251128205406.0 | ||
| 008 | 297019s[s.f ||||||||||||||000 | spa|| | ||
| 020 | _a84-297-1252-6 | ||
| 040 | _cAR-BaBNM | ||
| 100 | 1 | _aChaunú, Pierre | |
| 245 | 1 | 0 |
_aLa España de Carlos V _bla coyuntura de un siglo. 2 |
| 260 |
_aBarcelona _bEdiciones Península _c[s.f.] |
||
| 300 | 0 | _a251 p. | |
| 490 | 0 |
_aHistoria, ciencia, sociedad _vv. 135 |
|
| 504 | _aBibliografía para cosnultar p. 221-229. | ||
| 600 | 0 | 4 | _aErasmo de Rotterdam |
| 600 | 0 | 4 | _aCardenal Cisneros |
| 650 | 4 | _aSIGLO QUINCE | |
| 650 | 4 | _aDESCUBRIMIENTOS | |
| 650 | 4 | _aCOLONIZACION | |
| 650 | 4 | _aNAVEGACION MARITIMA | |
| 650 | 4 | _aCARTOGRAFIA | |
| 650 | 4 | _aHISTORIA CULTURAL | |
| 650 | 4 | _aHISTORIA SOCIAL | |
| 650 | 4 | _aSIGLO DIECISEIS | |
| 651 | 4 | _aEspaña | |
| 700 | 1 |
_aRiambau Saurí, E. _etraductor |
|
| 942 | _cBK | ||
| 998 | _cmariana | ||
| 999 |
_c11232 _d11232 |
||